| 000 | 00477cam a2200193ua 4500 | ||
|---|---|---|---|
| 001 | 897 | ||
| 008 | 110423n ii |||gr||||Z||||||eng | ||
| 020 | _a81-7041-296-x | ||
| 040 | _cMAIN | ||
| 082 | _a320.9546 | ||
| 245 | 1 |
_aKashmir politics. _cBy Satish Ganjoo. |
|
| 250 | _a1st. | ||
| 260 |
_aNew Delhi.: _bAnmol publications.,992. |
||
| 300 |
_ax, 84 p.: _c23 cm. |
||
| 653 | _aPolitical science. | ||
| 653 | _aKashmir politics. | ||
| 700 | 1 | _aGanjoo, Satish., | |
| 942 | _cBK | ||
| 999 |
_c820 _d820 |
||